|
|
|
|
| LEADER |
00000nab a2200000Ia 4500 |
| 001 |
vtls010816061 |
| 003 |
SK-MaSNL |
| 005 |
20260303134737.0 |
| 008 |
230218|1972 xo |||||||||||||||||slo| |
| 035 |
|
|
|a (urnnbn)urn:nbn:sk:snk:ar-a0544i
|
| 035 |
|
|
|a urn:nbn:sk:snk-ab5kiw
|
| 035 |
|
|
|a (uuid)8ac9604f-228e-4689-a905-7d3f81ee90aa
|
| 040 |
|
|
|a SNKBUCL
|b slo
|c SNKBUCL
|e AACR2
|
| 041 |
0 |
|
|a slo
|b eng
|b rus
|
| 044 |
|
|
|a xo
|c SK
|
| 080 |
|
|
|a 005.51
|2 2001
|
| 080 |
|
|
|a 005.521
|2 2001
|
| 100 |
1 |
|
|a Sojka, Jozef
|4 aut
|9 279670
|
| 245 |
1 |
0 |
|a Prognóza a plán
|c Jozef Sojka
|
| 504 |
|
|
|a Bibliogr. odkazy
|
| 546 |
|
|
|a Res. angl., rus.
|
| 650 |
0 |
7 |
|a prognózy
|2 SNKPH
|9 3871
|
| 650 |
0 |
7 |
|a plánovanie
|2 SNKPH
|9 15324
|
| 650 |
0 |
7 |
|a prognózovanie
|2 SNKPH
|9 28472
|
| 773 |
0 |
|
|t Ekonomický časopis : časopis pre ekonomickú teóriu, hospodársku politiku, spoločensko-ekonomické prognózovanie
|g Roč. 20, č. 1 (1972), s. [7]-20
|
| 954 |
|
|
|a odborná, vedecká literatúra pôvodná (slovenská)
|2 lita
|
| 958 |
|
|
|a NB
|
| 958 |
|
|
|a OND
|
| 958 |
|
|
|a EUIPO
|
| 958 |
|
|
|a article5
|
| 999 |
|
|
|c 1961521
|d 1963451
|